A dosimetria das multas fiscais Conforme a legislaȯ̂ do ICMS do Estado de Sô Paulo /

Detalles Bibliográficos
Autor principal: Peres Jn︢ior, Jos ̌Orivaldo
Formato: eBook
Lenguaje:portugués
Publicado: San Pablo: Editora Noeses, 2021
Materias:
Acceso en línea:Acceso restringido

MARC

LEADER 00000nam a22000007a 4500
005 20220516210848.0
007 cr|||| ||||
008 220516s2021 br |||||s|||| 00||0 por d
020 |a 978-65-89888-05-5 
035 |a 36405 
040 |a vLex 
090 |c 13342  |d 13342 
100 1 |a Peres Jn︢ior, Jos ̌Orivaldo 
245 1 1 |a A dosimetria das multas fiscais  |h [Recurso electrn̤ico] :  |b Conforme a legislaȯ̂ do ICMS do Estado de Sô Paulo /  |c Jos ̌Orivaldo Peres Jn︢ior 
256 |a Servicio en ln̕ea 
260 |a San Pablo:  |b Editora Noeses,  |c 2021 
300 |a 1 recurso electrn̤ico 
500 |a O Autor constri̤ o sentido e a aplicaȯ̂ do art. 527-A do Regulamento do ICMS do Estado de Sô Paulo que, regulamentando o art. 92 da Lei Ordinr̀ia Paulista nð 6.374/89, estabelece requisitos e critřios para a reduȯ̂ ou relevaȯ̂ das multas fiscais previstas na legislaȯ̂ tributr̀ia estadual. Aponta a necessidade de normas jurd̕icas que estabeleȧm requisitos e critřios gerais para que a autoridade fiscal, na constituiȯ̂ do crďito tributr̀io; para o julgador administrativo, no ḿbito do Contencioso Administrativo Tributr̀io; e para que o Poder Judicir̀io, possam graduar a penalidade tributr̀ia, conforme as circunstńcias do caso concreto, em observńcia ̉seguranȧ jurd̕ica. A preocupaȯ̂ do Autor volta-se a como vem sendo exercida a atividade jurisdicional administrativa paulista na dosimetria das sanė̳s tributr̀ias, pois nem sempre os requisitos e critřios legais sô corretamente observados. Seja pela precariedade de justificativas ou mesmo pela ausn̊cia de fundamentaȯ̂, penalidades administrativas sô ilegalmente mantidas na sua integralidade, sem qualquer calibraȯ̂, ou sô indevidamente reduzidas ou relevadas. 
506 1 |a Disponible solo en los productos indicados  |d vLex Global  |d vLex Global (Academic Edition, excluding Law Schools)  |d vLex Global (U.S. Academic Edition, Law Schools)  |d vLex Global (U.S. Academic Edition, excluding Law Schools)  |d vLex Global (Academic Edition, Law Schools) 
650 0 4 |a Derecho Tributario  |z Brasil 
740 0 |a vLex Libros (Servicio en ln̕ea) 
856 4 0 |u https://app.vlex.com/#/sources/36405  |z Acceso restringido 
942 |c BOOK 
999 0 |a Tax Law